| 000 | 01047nam a2200229Ia 4500 | ||
|---|---|---|---|
| 003 | Ost | ||
| 005 | 20260507075051.0 | ||
| 008 | 260507s9999||||xx |||||||||||||| ||und|| | ||
| 040 | _cfsecg | ||
| 041 | _aara | ||
| 082 | _a600 | ||
| 100 |
_aجمعة، إسماعيل إبراهيم _eمؤلف |
||
| 245 | 0 |
_aمحاسبة التكاليف : _bمدخل إداري / _c إسماعيل إبراهيم جمعة |
|
| 260 |
_aالإسكندرية: _bالدار الجامعية, _c[دون تاريخ] |
||
| 300 |
_a659 صفحة؛ _bإيضاحات ؛ _c24 سم |
||
| 520 | _aمفاهيم التكلفة وأسس قياسها-قياس التكلفة لأغراض تحديد تكلفة الإنتاج والمخزون-قياس التكلفة لأغراض التخطيط-قياس التكلفة لأغراض الرقابة | ||
| 653 | _aالإنتاج | ||
| 653 | _aمحاسبة التكاليف | ||
| 700 |
_aالعتر، عمرو عباس _eمؤلف ثانوي |
||
| 700 |
_aمحرم، زينات محمد _eمؤلف ثانوي |
||
| 942 | _cكتاب | ||
| 999 |
_c42643 _d42643 |
||